000 00431ntaaa2200169 4500
003 01
005 20251027202113.0
008 0714s1973 ag 01
040 _aAR-BaBN
_bspa
_cAR-BaBN
_eaacr
_dRIC
082 _a252.0700 W58
100 _aWhitefield, George
_919506
245 _aSelect sermons of George Whitefield
250 _a1 ed.
260 _aLondon :
_bBanner of Truth Trust,
_c1958, 1964
300 _a199 p
942 _cBK
999 _c15900
_d15900